Movie Heroes - Sudden Death - Statistics

General Stats
  • This quiz has been taken 77 times
  • The average score is 10 of 15
Answers on the Grid
Answers color-coded by a green-red scale on the quiz's grid according to % correct below.
Bilbo Baggins
John McClane
Thanos
Bruce Wayne
Angel Eyes
Harry Potter
Han Solo
Atticus Finch
Dr. No
Alex Delarge
Shrek
Indiana Jones
Travis Bickle
Montgomery Burns
Marty McFly
Hans Landa
Ash Williams
Forrest Gump
Michael Corleone
William Wallace
Katniss Everdeen
Sarah Conner
Annie Wilkes
Rocky Balboa
 
Answer Stats
Answer % Correct
Bruce Wayne
90%
Harry Potter
90%
Indiana Jones
89%
Shrek
84%
Han Solo
82%
Bilbo Baggins
79%
Forrest Gump
79%
Marty McFly
79%
Rocky Balboa
74%
Katniss Everdeen
65%
John McClane
63%
Atticus Finch
55%
Sarah Conner
48%
William Wallace
47%
Ash Williams
19%
No matching quizzes found
Score Distribution
Percent of People with Each Score
Percentile by Number Answered
Your Score History
You have not taken this quiz